Loading...

Creative research methods in sociology /

Bibliographic Details
Main Author: Chopra, Nidhi
Format: Printed Book
Language:English
Published: Jaipur : YKing Books, 2017.
Subjects:
LEADER 00755nam a22001817a 4500
008 190221b xxu||||| |||| 00| 0 eng d
999 |c 25899  |d 25899 
020 |a 9789385528637 
082 |a 300.72  |b CHO 
100 |a Chopra, Nidhi 
245 |a Creative research methods in sociology /  |c Nidhi Chopra 
260 |a Jaipur :  |b YKing Books,  |c 2017. 
300 |a 215p. 
650 |a Sociology 
650 |a Research 
942 |2 ddc  |c BK 
952 |0 0  |1 0  |2 ddc  |4 0  |6 300_720000000000000_CHO  |7 0  |9 35461  |a MAIN  |b MAIN  |d 2019-02-21  |e Calicut Books  |g 1150.00  |l 1  |o 300.72 CHO  |p 33934  |r 2019-04-05  |s 2019-03-07  |t 1  |w 2019-02-21  |y BK 
952 |0 0  |1 0  |2 ddc  |4 0  |6 300_720000000000000_CHO  |7 0  |9 35564  |a MAIN  |b MAIN  |d 2019-03-01  |e Prabhath Book House  |g 1150.00  |o 300.72 CHO  |p 34194  |r 2019-03-01  |t 2  |w 2019-03-01  |y BK